Statistiken für Die Geschichte Deutschlands Quiz

Klicken Sie hier um das Quiz zu spielen!

Allgemein

  • Dieses Quiz wurde 662 mal gespielt
  • Das Durchschnittsergebnis liegt bei 11 aus 15

Antwortstatistiken

FrageAntwort% Korrekt
Welches dieser ehemaligen Länder zählt als Vorfahre Deutschlands?Preußen
97%
Welcher dieser berühmten Personen war deutscher?Johannes Gutenberg
94%
Wann wurde Deutschland offiziell wieder vereint?1990
91%
In wie viele Besatzungszonen wurde Deutschland aufgeteilt?4
90%
Wann kam die NSDAP an die Macht?1933
88%
Welche Region hat Deutschland 1938 annektiert?Das Sudetenland
81%
Wie heißt die älteste noch existierende deutsche Partei?SPD
79%
Welches Adelsgeschlecht regierte Preußen unter anderem?Die hohenZoller
78%
Welcher berühmte deutsche Politiker ist für den Warschauer Kniefall bekannt?Willy Brandt
78%
Welche dieser Person regierte nie Deutschland?Wolfgang von Preußen
78%
Wann wurde das erste deutsche Reich gegründet?1871
70%
Welches dieser Regionen war bis 1890 NICHT deutsch?Helgoland
56%
Welche Erfindung ist NICHT deutsch?Die Eisenbahn
52%
Wann wurde der Euro eingeführt?1999
17%
Wann wurde Homosexualität in Deutschland legalisiert?1969
12%

Verteilung der Resultate

Perzentil nach korrekt beantworteten Fragen

Anzahl Personen mit jedem Resultat

Ihre Resultats-Entwicklung

Sie haben dieses Quiz noch nicht gespielt